Statistics for NCAA Teams Map Quiz

Click here to take the quiz!

General Stats

  • This quiz has been taken 204 times
  • The average score is 19 of 25

Answers on the Map

Answers color-coded by a green-red scale on the quiz's map according to % correct below.
 

Answer Stats

Answer% Correct
Syracuse
86%
Auburn
85%
Baylor
85%
BYU
84%
Clemson
83%
Stanford
83%
Vanderbilt
82%
Rutgers
81%
Air Force
80%
Duke
80%
Louisville
80%
Dayton
78%
Gonzaga
78%
Notre Dame
77%
Tulsa
77%
Wichita St
76%
Tulane
75%
Harvard
73%
Northwestern
73%
Marquette
71%
Yale
70%
Marshall
68%
Villanova
68%
Creighton
67%
Drake
64%

Score Distribution

Percentile by Number Answered

Percent of People with Each Score

Your Score History

You have not taken this quiz